000 00318pam a2200133 a 4500
020 _c
041 _h
082 _a658.14999999999998
_bPAN
100 _aPanda,D.K.
245 _aUnderstanding Microfinance
_hTextual Documents
260 _aNew York
_bJohn Wiley And Sons
_c2010
300 _aXIII/279
930 _a7094
999 _c113921
_d113921